Kluby pomorskie, Ekstraklasa, I, II, III liga - Statystyki

Ogólne statystyki
  • Ten quiz został rozwiązany 28 razy
  • Średni wynik to 3 z 5
Statystyki odpowiedzi
Liga Klub % Poprawnych
Ekstraklasa Arka Gdynia
100%
Ekstraklasa Lechia Gdańsk
93%
II liga Chojniczanka Chojnice
59%
III liga Cartusia Kartuzy
19%
III liga Wikęd Luzino
15%
Nie znaleziono quizów pasujących do podanych kryteriów
Rozkład punktacji
Procent ludzi z każdym wynikiem
Percentyl według liczby udzielonych odpowiedzi
Twoja historia wyników
Nie rozwiązałeś tego quizu